Catàleg del Col·legi de Periodistes de Catalunya

La Primavera no es noticia : (Registre núm. 7486)

000 -CABECERA
Longitud fija campo de control 01411cam a2200325 a 4500
001 - NÚMERO DE CONTROL
Número de control 991018395859706706
003 - IDENTIFICADOR DEL NÚMERO DE CONTROL
Identificador del número de control OSt
005 - FECHA Y HORA DE LA ÚLTIMA TRANSACCIÓN
Fecha y hora de la última transacción 20211202115004.0
008 - CÓDIGOS DE INFORMACIÓN DE LONGITUD FIJA
Códigos de información de longitud fija 151006s2015 spc|||||||||||||| ||spa|c
015 ## - NÚMERO DE BIBLIOGRAFÍA NACIONAL
Número de bibliografía nacional LL2015
Fuente bnc
017 ## - NÚMERO DE COPYRIGHT O DE DEPÓSITO LEGAL
Número de copyright o de depósito legal DL B 19239-2015
Agencia que asigna el número Biblioteca de Catalunya
020 ## - NÚMERO INTERNACIONAL NORMALIZADO PARA LIBROS
Número Internacional Normalizado para Libros (ISBN) 9788494119354
035 ## - NÚMERO DE CONTROL DEL SISTEMA
Número de control del sistema (ES-BaCBU)b64108648-34csuc_network
035 ## - NÚMERO DE CONTROL DEL SISTEMA
Número de control del sistema (ES-BaCBU).b64108648
035 ## - NÚMERO DE CONTROL DEL SISTEMA
Número de control del sistema (ccuc001)b64108648
040 ## - FUENTE DE LA CATALOGACIÓN
Centro catalogador de origen ES-BaCBU
Lengua de catalogación cat
Centro transcriptor CDMR
Centro modificado ES-BaBC
080 ## - NÚMERO DE LA CLASIFICACIÓN DECIMAL UNIVERSAL
Número de la Clasificación Decimal Universal 070
Identificador de la edición 2004
100 1# - PUNTO DE ACCESO PRINCIPAL-NOMBRE DE PERSONA
Nombre de persona Gomis, Llorenç
9 (RLIN) 492
245 13 - MENCIÓN DE TÍTULO
Título La Primavera no es noticia :
Resto del título artículos sobre periodismo en "La Vanguardia" (1987-2005)/
Mención de responsabilidad, etc. Lorenzo Gomis ; coordinadores Francesc-Marc Álvaro y Enric Xicoy ; con introducción de: Josep Maria Carbonell, Màrius Carol, Jordi Pérez Colomé, Albert Sáez, Enric Xicoy, Francesc-Marc Álvaro, Ferran Toutain, Marçal Sintes, Héctor Borrat, Carlos Ruiz y Francesc Canosa ; ilustraciones de Fernando Krahn
260 ## - PUBLICACIÓN, DISTRIBUCIÓN, ETC. (PIE DE IMPRENTA)
Lugar de publicación, distribución, etc. Barcelona :
Nombre del editor, distribuidor, etc. Facultat de Comunicació i Relacions Internacionals Blanquerna/
Fecha de publicación, distribución, etc. 2015
300 ## - DESCRIPCIÓN FÍSICA
Extensión 310 p. :
Otras características físicas il. ;
Dimensiones 24 cm
490 1# - MENCIÓN DE SERIE
Mención de serie Documentos de Estudio ;
Designación de volumen o secuencia 03
700 1# - PUNTO DE ACCESO ADICIONAL - NOMBRE DE PERSONA
Nombre de persona Àlvaro, Francesc-Marc,
700 1# - PUNTO DE ACCESO ADICIONAL - NOMBRE DE PERSONA
Nombre de persona Xicoy i Comas, Enric,
830 #0 - PUNTO DE ACCESO ADICIONAL DE SERIE - TÍTULO UNIFORME
Título uniforme Documentos de estudio ;
Designación de volumen o secuencia 03
907 ## - ELEMENTO G DATOS LOCALES, GDL (RLIN)
a .b64108648
b 17-02-21
c 06-10-15
d 02-11-15
e m
f a
g -
h spa
i spc
j 0
k 0
908 ## - CONTROL DE PARÁMETROS (RLIN)
Parametro de comando lanzado URL
-- BC
-- UAB
-- UPF
940 ## -
T&íacute;tulo uniforme <a href="BC">BC</a>
942 ## - ENTRADA DE ELEMENTOS AGREGADOS (KOHA)
Fuente de clasificaión o esquema
Koha [por defecto] tipo de item Monografies
Fons
Suprimido Perdido Estropeado No para pr&eacute;stamo Localizaci&oacute;n permanente Localizaci&oacute;n actual Fecha adquisici&oacute;n Fuente de adquisici&oacute;n Coste, precio normal de compra Pr&eacute;stamos totales Renovaciones totales Signatura completa C&oacute;digo de barras Fecha &uacute;ltima consulta Fecha &uacute;ltimo pr&eacute;stamo Fecha del precio de reemplazo Tipo de item de Koha
        Centre de Documentació Montserrat Roig Centre de Documentació Montserrat Roig 2021-12-02 Donació 15.00 2 1 Du 6/110 CDMR21120018 2023-09-14 2023-08-29 2021-12-02 Monografies

Implantat amb Koha